2011 Super Outbreak EF4/EF5 Tornadoes - Statistics

General Stats
  • This quiz has been taken 152 times
  • The average score is 8 of 15
Answer Stats
State Official
Rating
Estimated
Peak
Winds
Path
Length
(miles)
Answer % Correct
Alabama EF4 190mph 81 Tuscaloosa - Birmingham
91%
Alabama EF5 >210mph 132 Hackleburg - Phil Campbell
84%
Mississippi/Alabama EF5 205mph 37 Smithville
80%
Mississippi EF5 205mph 29 Philadelphia
78%
Alabama/Georgia EF5 >200mph 37 Rainsville
73%
Alabama EF4 175mph 47 Cullman - Arab
68%
Alabama EF4 170mph 128 Sipsey - Cordova
55%
Georgia/Tennessee EF4 190mph 48 Ringgold
47%
Mississippi/Alabama EF4 175mph 122 Enterprise
35%
Alabama/Georgia EF4 180mph 97 Ohatchee
31%
Alabama EF4 190mph 47 Flat Rock
28%
Alabama EF4 170mph 76 Lake Martin
24%
Alabama/Tennessee EF4 180mph 30 Bridgeport
22%
Tennessee EF4 170mph 40 New Harmony
20%
Tennessee EF4 166-200mph 14 Great Smoky Mountain
15%
No matching quizzes found
Score Distribution
Percent of People with Each Score
Percentile by Number Answered
Your Score History
You have not taken this quiz